[Event "Swiss Queens Wed #2"]
[Site "FIDE Online Arena INT"]
[Date "2024.02.07"]
[Round "1"]
[White "Kaliakhmet, Elnaz"]
[Black "Ambartsumova, Karina"]
[Result "0-1"]
[WhiteElo "2000"]
[BlackElo "2418"]
[PlyCount "90"]
[EventDate "2024.02.07"]
[EventType "swiss (blitz)"]
[EventRounds "11"]
[EventCountry "NET"]
[SourceTitle "CB07_2024"]
[SourceDate "2024.02.14"]
[SourceVersion "1"]
[SourceVersionDate "2024.02.14"]
[SourceQuality "1"]

1. d4 Nf6 2. c4 e6 3. Nf3 d5 4. Nc3 Be7 5. g3 b6 6. Bg2 Bb7 7. 0-0 0-0 8. Ne5 c5 9. cxd5 exd5 10. Bg5 Nbd7 11. Nxd7 Qxd7 12. dxc5 bxc5 13. Bxf6 Bxf6 14. Nxd5 Bxd5 15. Bxd5 Rad8 16. e4 Bxb2 17. Rb1 Rb8 18. Qc2 Bd4 19. Qc4 g6 20. Kg2 Kg7 21. h4 Qe7 22. Rb3 Rxb3 23. Qxb3 Qf6 24. f4 Qa6 25. Bc4 Qc6 26. Bd5 Qb6 27. Rb1 Qa5 28. Qc2 Rc8 29. Rb7 Rc7 30. Rxc7 Qxc7 31. Qa4 a5 32. Qc4 Qa7 33. a4 Qe7 34. e5 Qd7 35. h5 gxh5 36. Bf3 h4 37. g4 Be3 38. f5 Qd2+ 39. Qe2 Qd4 40. f6+ Kh6 41. Qe1 Bg5 42. Qe4 Qd2+ 43. Qe2 Qf4 44. Qe1 h3+ 45. Kf2 Bh4+ 0-1

[Event "Swiss Queens Wed #2"]
[Site "FIDE Online Arena INT"]
[Date "2024.02.07"]
[Round "11"]
[White "Kaliakhmet, Elnaz"]
[Black "Pujari, Rucha"]
[Result "0-1"]
[WhiteElo "2000"]
[BlackElo "2071"]
[PlyCount "70"]
[EventDate "2024.02.07"]
[EventType "swiss (blitz)"]
[EventRounds "11"]
[EventCountry "NET"]
[SourceTitle "CB07_2024"]
[SourceDate "2024.02.14"]
[SourceVersion "1"]
[SourceVersionDate "2024.02.14"]
[SourceQuality "1"]

1. d4 d5 2. c4 e6 3. Nf3 Nf6 4. Nc3 Be7 5. g3 0-0 6. Bg2 c6 7. 0-0 b6 8. Nd2 Bb7 9. e4 Nbd7 10. cxd5 cxd5 11. exd5 Nxd5 12. Nxd5 Bxd5 13. Bxd5 exd5 14. Qb3 Nf6 15. Nf3 Ne4 16. Bf4 Bd6 17. Bxd6 Qxd6 18. Rac1 Rad8 19. Kg2 Qf6 20. Qb5 Rd6 21. Rc7 a5 22. Rd7 Rxd7 23. Qxd7 Rd8 24. Qc7 h5 25. Rc1 Rd6 26. Qb8+ Kh7 27. Rc8 g5 28. Rc2 Qf5 29. Qc7 Rf6 30. Rc3 Nxc3 31. Qxc3 g4 32. Ng1 Qxf2+ 33. Kh1 Qf5 34. h4 Qe4+ 35. Nf3 Rxf3 0-1

[Event "Swiss Queens Wed #2"]
[Site "FIDE Online Arena INT"]
[Date "2024.02.07"]
[Round "10"]
[White "Mammadzada, Gunay Vuqar Qizi"]
[Black "Kaliakhmet, Elnaz"]
[Result "1/2-1/2"]
[WhiteElo "2449"]
[BlackElo "2000"]
[PlyCount "109"]
[EventDate "2024.02.07"]
[EventType "swiss (blitz)"]
[EventRounds "11"]
[EventCountry "NET"]
[SourceTitle "CB07_2024"]
[SourceDate "2024.02.14"]
[SourceVersion "1"]
[SourceVersionDate "2024.02.14"]
[SourceQuality "1"]

1. e4 c5 2. Nf3 Nc6 3. Bb5 Nf6 4. e5 Nd5 5. 0-0 Nc7 6. Be2 d6 7. exd6 exd6 8. Re1 Be7 9. d4 cxd4 10. Nxd4 0-0 11. Nc3 Bf6 12. Be3 Nxd4 13. Bxd4 Bd7 14. Ne4 Bxd4 15. Qxd4 d5 16. Nc3 Bf5 17. Bd3 Bxd3 18. Qxd3 Qg5 19. Rad1 Rad8 20. Qg3 Qxg3 21. hxg3 d4 22. Ne2 Ne6 23. Rd2 Rd6 24. Red1 Rc6 25. Nxd4 Nxd4 26. Rxd4 Rxc2 27. Rb4 Rc7 28. a4 g6 29. a5 Re8 30. Rd5 Re1+ 31. Kh2 a6 32. g4 Re2 33. Kg3 Rcc2 34. Rxb7 Rxf2 35. b4 Rxg2+ 36. Kf3 Rcf2+ 37. Ke3 Re2+ 38. Kf3 Rgf2+ 39. Kg3 Rg2+ 40. Kf3 Ref2+ 41. Ke3 Rb2 42. Rd8+ Kg7 43. Rdd7 Rxg4 44. Rxf7+ Kh6 45. Rxh7+ Kg5 46. b5 axb5 47. a6 Ra4 48. a7 Rb3+ 49. Kd2 Ra2+ 50. Kc1 Rg3 51. Rxb5+ Kg4 52. Rb4+ Kg5 53. Rb5+ Kf6 54. Rb6+ Kg5 55. Rb5+ 1/2-1/2

[Event "Titled Tuesday intern op 06th Feb Early"]
[Site "Chess.com INT"]
[Date "2024.02.06"]
[Round "8"]
[White "Kaliakhmet, Elnaz"]
[Black "Sierra Vallina, Lionel"]
[Result "1/2-1/2"]
[WhiteElo "2000"]
[BlackElo "2275"]
[PlyCount "124"]
[EventDate "2024.02.06"]
[EventType "swiss (blitz)"]
[EventRounds "11"]
[EventCountry "USA"]
[SourceTitle "CB07_2024"]
[SourceDate "2024.02.14"]
[SourceVersion "1"]
[SourceVersionDate "2024.02.14"]
[SourceQuality "1"]

1. e4 c6 2. d4 d5 3. Nc3 dxe4 4. Nxe4 Nf6 5. Nxf6+ exf6 6. Nf3 Bd6 7. Bd3 0-0 8. 0-0 Na6 9. c3 Nc7 10. Be3 Re8 11. Qc2 g6 12. Rae1 Nd5 13. a3 Bg4 14. Nd2 Qc7 15. h3 Bd7 16. c4 Nxe3 17. fxe3 Bg3 18. Re2 f5 19. e4 fxe4 20. Nxe4 Bh4 21. Nf6+ Bxf6 22. Rxf6 Rxe2 23. Qxe2 Re8 24. Qf2 Be6 25. b4 Qd7 26. Rf4 a5 27. b5 Qe7 28. bxc6 bxc6 29. c5 Bd5 30. Kh2 Qe3 31. Qf1 Qd2 32. Rf2 Qc3 33. Rf4 Re1 34. Qf2 Rd1 35. Be2 Rd2 36. Qe1 Qc2 37. Rf2 Bc4 38. Bd1 Rxf2 39. Bxc2 Rxc2 40. Qe8+ Kg7 41. Qxc6 Bf1 42. Qe4 Rxg2+ 43. Qxg2 Bxg2 44. Kxg2 Kf6 45. Kf3 Ke6 46. Kf4 f5 47. a4 h6 48. h4 Kf6 49. d5 g5+ 50. hxg5+ hxg5+ 51. Kf3 Ke5 52. d6 Ke6 53. Kg3 Kd7 54. Kf3 Kc6 55. Ke3 Kd7 56. Kd4 g4 57. Ke3 Kc6 58. Kf4 Kd7 59. Kg3 Kc6 60. Kf4 Kd7 61. Kg3 Ke6 62. Kf4 Kd7 1/2-1/2

[Event "Swiss Queens Wed #1"]
[Site "FIDE Online Arena INT"]
[Date "2024.01.31"]
[Round "9"]
[White "Kaliakhmet, Elnaz"]
[Black "Khamdamova, Afruza"]
[Result "1-0"]
[WhiteElo "2000"]
[BlackElo "2327"]
[PlyCount "99"]
[EventDate "2024.01.31"]
[EventType "swiss (blitz)"]
[EventRounds "11"]
[EventCountry "NET"]
[SourceTitle "CB06_2024"]
[SourceDate "2024.02.07"]
[SourceVersion "1"]
[SourceVersionDate "2024.02.07"]
[SourceQuality "1"]

1. d4 Nf6 2. c4 e6 3. Nf3 d5 4. Nc3 Be7 5. g3 0-0 6. Bg2 dxc4 7. Ne5 c5 8. dxc5 Qxd1+ 9. Nxd1 Bxc5 10. 0-0 Rd8 11. Be3 Na6 12. Nxc4 Nd5 13. Bxc5 Nxc5 14. Nde3 Nxe3 15. Nxe3 Bd7 16. b4 Na4 17. Rfd1 Nc3 18. Rd2 Bc6 19. Rc2 Nd5 20. Nxd5 Bxd5 21. Bxd5 Rxd5 22. Rac1 g6 23. Rc7 b6 24. Rb7 Rb5 25. Rcc7 Rf8 26. Rxa7 Rxb4 27. Rcb7 Rb2 28. e3 b5 29. Ra5 b4 30. Ra4 Rc8 31. Rbxb4 Rcc2 32. Rxb2 Rxb2 33. Kg2 Kg7 34. Ra7 g5 35. h3 Kg6 36. a4 Ra2 37. a5 h5 38. g4 h4 39. a6 Kf6 40. Ra8 Ke5 41. a7 f6 42. Kf1 Ra1+ 43. Ke2 Ra3 44. f3 Ra2+ 45. Kd3 Ra3+ 46. Kc4 Ra4+ 47. Kb5 Ra1 48. Kc6 Ra6+ 49. Kb7 Ra1 50. Rd8 1-0

[Event "Wch Blitz (Women)"]
[Site "Samarkand"]
[Date "2023.12.29"]
[Round "7"]
[White "Kaliakhmet, Elnaz"]
[Black "Badelka, Olga"]
[Result "0-1"]
[WhiteElo "2068"]
[BlackElo "2395"]
[PlyCount "68"]
[EventDate "2023.12.29"]
[EventType "swiss (blitz)"]
[EventRounds "17"]
[EventCountry "UZB"]
[SourceTitle "CB01_2024"]
[SourceDate "2024.01.03"]
[SourceVersion "1"]
[SourceVersionDate "2024.01.03"]
[SourceQuality "1"]

1. d4 c5 2. d5 e5 3. c4 d6 4. Nc3 Be7 5. e4 Bg5 6. Nf3 Bxc1 7. Rxc1 h6 8. Bd3 Ne7 9. a3 0-0 10. b4 Na6 11. Rb1 f5 12. exf5 Bxf5 13. Bxf5 Nxf5 14. Ne4 Nd4 15. Nxd4 cxd4 16. 0-0 Rc8 17. Qd3 Nc7 18. Rfc1 b6 19. Qg3 Rf4 20. Qg6 Ne8 21. g3 Rf7 22. h4 Nf6 23. Kg2 Nxe4 24. Qxe4 Rfc7 25. Qe2 Qf6 26. Rb2 Qf5 27. Rd2 b5 28. c5 dxc5 29. Qxb5 Qe4+ 30. Kg1 Qxd5 31. bxc5 Rxc5 32. Rxc5 Rxc5 33. Qe8+ Kh7 34. h5 Rc1+ 0-1

[Event "Wch Blitz (Women)"]
[Site "Samarkand"]
[Date "2023.12.29"]
[Round "1"]
[White "Kaliakhmet, Elnaz"]
[Black "Nurmanova, Alua"]
[Result "0-1"]
[WhiteElo "2068"]
[BlackElo "2326"]
[PlyCount "112"]
[EventDate "2023.12.29"]
[EventType "swiss (blitz)"]
[EventRounds "17"]
[EventCountry "UZB"]
[SourceTitle "CB01_2024"]
[SourceDate "2024.01.03"]
[SourceVersion "1"]
[SourceVersionDate "2024.01.03"]
[SourceQuality "1"]

1. d4 Nf6 2. c4 g6 3. Nc3 Bg7 4. e4 d6 5. h3 Nbd7 6. Be3 e5 7. d5 Nc5 8. Qc2 a5 9. Nf3 0-0 10. Be2 Nh5 11. g3 b6 12. Nd2 Nf6 13. g4 Ne8 14. Rg1 Kh8 15. 0-0-0 Bd7 16. h4 a4 17. h5 g5 18. Nf1 h6 19. Ng3 a3 20. b3 Nf6 21. f3 Na6 22. Kb1 Bc8 23. Bc1 Nc5 24. b4 Na6 25. Bxa3 Bd7 26. Qb3 Ng8 27. Bc1 Ne7 28. Be3 Qb8 29. Rd2 Qb7 30. Nb5 Qb8 31. Rc1 Rd8 32. Rcd1 Bf8 33. Rc2 c6 34. Nc3 c5 35. b5 Nc7 36. Nf5 Bxf5 37. gxf5 Ng8 38. Rg1 Nf6 39. Qb2 Nxh5 40. Qc1 f6 41. Rh1 Nf4 42. Bxf4 exf4 43. Qg1 Ra3 44. Kb2 Qa7 45. Qh2 Qa5 46. Qh5 Qb4+ 47. Kc1 Rxc3 48. Qg6 Qa3+ 49. Kd2 Rxc2+ 50. Kxc2 Qxa2+ 51. Kd3 Ne8 52. Rxh6+ Bxh6 53. Qxh6+ Kg8 54. Qg6+ Ng7 55. Qxf6 Ra8 56. Qc3 Ra3 0-1

[Event "Wch Rapid (Women)"]
[Site "Samarkand"]
[Date "2023.12.27"]
[Round "8"]
[White "Kaliakhmet, Elnaz"]
[Black "Khamrakulova, Iroda"]
[Result "1-0"]
[WhiteElo "2068"]
[BlackElo "2132"]
[PlyCount "61"]
[EventDate "2023.12.26"]
[EventType "swiss (rapid)"]
[EventRounds "11"]
[EventCountry "UZB"]
[SourceTitle "CB01_2024"]
[SourceDate "2024.01.03"]
[SourceVersion "1"]
[SourceVersionDate "2024.01.03"]
[SourceQuality "1"]

1. d4 d5 2. c4 e6 3. Nf3 Nf6 4. Nc3 Be7 5. g3 0-0 6. Bg2 b6 7. 0-0 Bb7 8. Ne5 Nbd7 9. Qa4 Nxe5 10. dxe5 Ne4 11. Nxe4 dxe4 12. Qc2 Qd4 13. Bf4 g5 14. Rad1 Qc5 15. b4 Qxb4 16. Bd2 Qc5 17. Bxe4 Bxe4 18. Qxe4 Rad8 19. Be3 Qa5 20. h4 Qxa2 21. Bxg5 Bxg5 22. Qg4 Rxd1 23. Qxg5+ Kh8 24. Qf6+ Kg8 25. Rxd1 Qxc4 26. Qg5+ Kh8 27. h5 Qc2 28. Rd3 Qxe2 29. Rd4 Qe1+ 30. Kg2 f5 31. exf6 1-0

[Event "Wch Rapid (Women)"]
[Site "Samarkand"]
[Date "2023.12.26"]
[Round "4"]
[White "Khamrakulova, Shakhnoza"]
[Black "Kaliakhmet, Elnaz"]
[Result "0-1"]
[WhiteElo "2086"]
[BlackElo "2068"]
[PlyCount "50"]
[EventDate "2023.12.26"]
[EventType "swiss (rapid)"]
[EventRounds "11"]
[EventCountry "UZB"]
[SourceTitle "CB01_2024"]
[SourceDate "2024.01.03"]
[SourceVersion "1"]
[SourceVersionDate "2024.01.03"]
[SourceQuality "1"]

1. e4 c5 2. c3 d5 3. exd5 Qxd5 4. d4 Nf6 5. Nf3 Nc6 6. Be2 e6 7. 0-0 cxd4 8. cxd4 Be7 9. Nc3 Qd8 10. Bg5 0-0 11. Rc1 b6 12. a3 Bb7 13. b4 Nd5 14. Bxe7 Ncxe7 15. Ne5 Rc8 16. Qd2 Nxc3 17. Rxc3 Rxc3 18. Qxc3 Nf5 19. Rd1 Qg5 20. Bf3 Rc8 21. Qb3 Nxd4 22. Nxf7 Nxf3+ 23. Kf1 Ba6+ 24. Rd3 Qc1+ 25. Ke2 Ng1# 0-1